Statistics for The Legend of Zelda Trivia

Click here to take the quiz!

General Stats

  • This quiz has been taken 633 times
    (294 since last reset)
  • The average score is 21 of 26

Answer Stats

Question Answer % Correct
What is the default name of the player character?Link
100%
What kingdom does Princess Zelda preside over?Hyrule
98%
Who is the antagonist in the majority of the games?Ganondorf
98%
What is the name of the player's horse?Epona
96%
What are the rocky entities that live in the mountains called?Gorons
92%
What color is the player character's traditional garb?Green
91%
What is the name of the main sword in most games?Master Sword
90%
How many players are required for a full multiplayer game of Triforce Heroes?3
90%
What are the humanoid fish-people called?Zoras
90%
What powerful Force is sought after by the majority of the game's villains?The Triforce
88%
What is the name of the fairy that follows the player in The Ocarine of Time?Navi
87%
Which part is contained in the villain?Power
85%
Which part of this Force is contained within Zelda in The Ocarina of Time?Wisdom
84%
In Majora's Mask, who wears the mask throughout the game?Skull Kid
83%
Which part is contained in the player?Courage
83%
What is the name of the Twilight Princess?Midna
80%
Who was the Forest Sage in The Ocarina of Time?Saria
79%
Which game involves the title character donning a strange hat and shrinking to very small sizes?The Minish Cap
77%
How many games are currently in the core series?18
75%
In The Ocarina of Time, what race does the main character originally believe he belongs to?Kokiri
72%
What is the sibling game to Oracle of Seasons?Oracle of Ages
70%
What is the name of the floating island that the player lives on in Skyward Sword?Skyloft
66%
What is the Wind Waker?A baton
54%
What specific color (not simply red) is the player's Loftwing in Skyward Sword?Crimson
54%
Ghirahim is essentially the sidekick to which main villain?Demise
54%
Which villain appears in the second most games?Vaati
46%

Score Distribution

Percentile by Number Answered

Percent of People with Each Score

Your Score History

You have not taken this quiz since the last reset